KOHA-Header-6

Economics (Record no. 6078)

000 -LEADER
fixed length control field 00347nam a2200157Ia 4500
003 - CONTROL NUMBER IDENTIFIER
control field OSt
005 - DATE AND TIME OF LATEST TRANSACTION
control field 20191005150642.0
008 - FIXED-LENGTH DATA ELEMENTS--GENERAL INFORMATION
fixed length control field 190906s9999||||xx |||||||||||||| ||und||
020 ## - INTERNATIONAL STANDARD BOOK NUMBER
International Standard Book Number 978-0073126630
040 ## - CATALOGING SOURCE
Transcribing agency maju
100 ## - MAIN ENTRY--PERSONAL NAME
Personal name McConnell, Brue
245 #0 - TITLE STATEMENT
Title Economics
260 ## - PUBLICATION, DISTRIBUTION, ETC. (IMPRINT)
Place of publication, distribution, etc USA
Name of publisher, distributor, etc Famous Books
Date of publication, distribution, etc 1994
300 ## - PHYSICAL DESCRIPTION
Extent 883
942 ## - ADDED ENTRY ELEMENTS (KOHA)
Koha item type Books
Source of classification or shelving scheme
Holdings
Withdrawn status Lost status Source of classification or shelving scheme Damaged status Not for loan Collection code Permanent Location Current Location Shelving location Date acquired Full call number Barcode Date last seen Price effective from Koha item type
          Economics MAJU MAJU Shelf No.A47 2019-09-06 910.9 547 2019-09-06 2019-09-06 Economics

Powered by Koha